| 000 | 00636nam a2200229 u 4500 | ||
|---|---|---|---|
| 005 | 20250903063915.0 | ||
| 008 | 110217s2003 mx r 000 0 spa d | ||
| 020 | _a9789706881632 | ||
| 035 | _aUPN01000179466 | ||
| 049 | _aCG | ||
| 050 | 4 |
_aPQ7298.13 E4.4 _bA8.2 2003 |
|
| 100 | 1 |
_aCelis, Claudia, _d1951- _933301 |
|
| 245 | 1 | 0 |
_aAtados a una estrella / _cClaudia Celis. |
| 250 | _a2a ed. | ||
| 260 |
_aMéxico : _bSM , _c2003. |
||
| 300 | _a150 p. | ||
| 440 | 0 |
_aGran angular ; _v12 |
|
| 650 | 4 |
_aNovela mexicana _94557 |
|
| 650 | 4 |
_aLiteratura mexicana _ySiglo XXI _917492 |
|
| 650 | 4 |
_aSíndrome de Down _9923 |
|
| 905 | _aLibro | ||
| 999 |
_c151569 _d151569 |
||